000 01165nam a2200313 i 4500
001 000046059
003 DO-SdBNP
005 20260602121203.0
007 ta
008 150616s1983 dr ac 000 0 spa d
040 _aDO-SdBNP
_bspa
_cBNPHU
_erda
041 _hspa
082 4 _a342.7293
_bM843e
_222
100 1 _aMoreno Ceballos, Nelson,
_d1946-
_eautor
_4aut.
_933018
245 1 3 _aEl estado dominicano :
_borigen, evolución y su forma actual 1844-1982 /
_cNelson Moreno Ceballos.
250 _aSegunda edición
264 1 _aSanto Domingo :
_bPunto y Aparte Editores, Cpor A.,
_c1983
300 _a351 páginas :
_bilustraciones retratos ;
_c20 cm
336 _atexto
_btxt
_2rdacontent
337 _asin mediación
_bn
_2rdamedia
338 _avolumen
_bnc
_2rdacarrier
500 _aIncluye datos biográficos del autor en la solapa de la contracubierta
504 _aBibliografía : páginas 345-351
590 _aInventariado, 2025/DG
650 7 _2Armarc
_aDerecho Constitucional
_xHistoria
_zRepública Dominicana
_989838
651 7 _2Armarc
_aRepública Dominicana
_vPolíPolítica y gobierno
_xHistoria
_989839
910 _aDG
942 _2ddc
_cLFPD
999 _c45548
_d45548